| 000 | 00609nam a22002297a 4500 | ||
|---|---|---|---|
| 001 | BD-DhSAU 6379 | ||
| 003 | BD-DhSAU | ||
| 005 | 20150508120251.0 | ||
| 008 | 150508b1989 ii a||||r|||| 001 0 eng d | ||
| 020 | _a0852261748 | ||
| 040 | _aBD-DhSAU | ||
| 082 |
_222 _a540 _bDEE |
||
| 100 | _aDe, Anil Kumar | ||
| 245 |
_aEnvironmental chemistry / _cAnil Kumar De. |
||
| 250 | _a2nd ed. | ||
| 260 |
_aNew Delhi : _bWiley Eastern Limited, _cc1989. |
||
| 300 |
_axi, 340 p. : _bill. ; _c21 cm. |
||
| 504 | _aIncludes index. | ||
| 590 | _ajoy | ||
| 650 | _aAgro. chemistry. | ||
| 650 | _aEnvironmental chemistry. | ||
| 942 |
_2ddc _cBOOK |
||
| 999 |
_c6379 _d6379 |
||